| 000 | 01234nam a22003497a 4500 | ||
|---|---|---|---|
| 003 | CHAP | ||
| 005 | 20220329142204.0 | ||
| 008 | 000203d mx r 00110 spa d | ||
| 010 | _a79702 | ||
| 011 | _a80674 | ||
| 035 | _a91125 | ||
| 040 | _cCHAP | ||
| 090 | _aTesis | ||
| 100 | 0 | 0 |
_aSantiago López, Martín. _9102362 |
| 245 | 1 | 4 |
_alas palmas : _bun estudio de caso : chamaedorea spp. (Palma camedor) en Cuichapa, Veracruz _c/por Martín Santiago López |
| 260 |
_aChapingo, Méx. : _bEl autor, _c1999. |
||
| 300 |
_a227 h. : _bilus. |
||
| 502 | _aTesis (M.C. en Ciencias Forestales) -- UACH. División de Ciencias Forestales | ||
| 590 |
_aALEPH _b10 _c20130110 _lUCH01 _h1433 |
||
| 590 |
_aBATCH-UPD _b10 _c20130110 _lUCH01 _h0258 |
||
| 590 |
_aBATCH-UPD _b10 _c20130409 _lUCH01 _h2329 |
||
| 590 |
_aBATCH-UPD _b10 _c20130914 _lUCH01 _h1856 |
||
| 590 |
_aCONVERSION _b10 _c20130109 _lUCH01 _h1344 |
||
| 650 | 1 | 4 |
_aPalma camedor. _984941 |
| 650 | 1 | 4 |
_aPalmas _xVeracruz. _984985 |
| 901 | _aBK | ||
| 905 | _aAlejandra Carrasco M. | ||
| 942 | _cFOLL | ||
| 949 |
_bBC _cTES _d33724000727939 _eTS2 _fc.2 _h34273 _i91125 _si |
||
| 949 |
_bBC _cTES _d33724000762944 _eTS2 _fc.3 _h35986 _i91125 _si |
||
| 949 |
_bBC _cTES _d911251 _eTS1 _h34272 _i91125 _sb |
||
| 999 |
_c79702 _d79702 |
||